Loading...
| LEADER | 009290000a22002650004500 | ||
|---|---|---|---|
| 020 | |a 81-206-0391-5 | ||
| 082 | |a 954.004 691 M81 | ||
| 100 | |a Danvers, Frederick Charles; Author | ||
| 245 | |a The Portuguese in India: being a history of the rise and decline of their Eastern empire | ||
| 250 | |||
| 260 | |a New Delhi, Asian Educational Services |e 2003 | ||
| 260 | |c 2003 | ||
| 460 | |a 2v | ||
| 465 | |a Rs.1,495.00 | ||
| 490 | |a 1 | ||
| 490 | |a 2 | ||
| 500 | |a Frederick Charles Danvers | ||
| 500 | |a Includes index | ||
| 650 | |a India-Discovery and exploration | ||
| 650 | |a Portuguese-Asia-History | ||
| 650 | |a Portuguese-India-History | ||
| 942 | |c BK | ||
| 999 | |c 42212 |d 42212 | ||
| 952 | |0 0 |1 0 |4 0 |6 954_004000000000000_691_M81 |7 0 |8 ENG |9 42807 |a MGUL |b MGUL |d 2013-07-16 |e Rs.1,495.00 |l 0 |o 954.004 691 M81 |p 40709 |r 2013-07-16 |w 2013-07-16 |y BK | ||
| 952 | |0 0 |1 0 |4 0 |7 0 |9 42808 |a MGUL |b MGUL |d 2013-07-16 |l 0 |p 40710 |r 2013-07-16 |w 2013-07-16 |y BK | ||